Progressively Harder South American Flags Quiz Stats

 Plays Quiz Updated Apr 24, 2016

Score 0/12 Timer 03:00
5 Plays Today
% Correct
Brazil
99.8%
Argentina
98.2%
Chile
95.5%
Uruguay
91.2%
Colombia
89.9%
Peru
86.4%
Paraguay
83.6%
Venezuela
83.3%
Ecuador
79.4%
Bolivia
75.1%
Guyana
72.6%
Suriname
72.1%

You're not logged in!

Compare scores with friends on all Sporcle quizzes.
Join for Free
OR
Log In

You Might Also Like...

Show Comments

Extras

Top Quizzes Today


Score Distribution

Your Account Isn't Verified!

In order to create a playlist on Sporcle, you need to verify the email address you used during registration. Go to your Sporcle Settings to finish the process.

Report this User

Report this user for behavior that violates our Community Guidelines.

Details: